KOHA-Header-6

Core Java Volume 1 Fundamentals (Record no. 2244)

000 -LEADER
fixed length control field 00300nam a2200121Ia 4500
008 - FIXED-LENGTH DATA ELEMENTS--GENERAL INFORMATION
fixed length control field 190802s9999 xx 000 0 und d
020 ## - INTERNATIONAL STANDARD BOOK NUMBER
International Standard Book Number 978-93-325-8271-2
100 ## - MAIN ENTRY--PERSONAL NAME
Personal name Cay S.Horstmann
245 #0 - TITLE STATEMENT
Title Core Java Volume 1 Fundamentals
260 ## - PUBLICATION, DISTRIBUTION, ETC. (IMPRINT)
Place of publication, distribution, etc USA
Name of publisher, distributor, etc Pearson
Date of publication, distribution, etc 2018
300 ## - PHYSICAL DESCRIPTION
Extent 1007:P
942 ## - ADDED ENTRY ELEMENTS (KOHA)
Koha item type Books
Holdings
Withdrawn status Lost status Damaged status Not for loan Collection code Permanent Location Current Location Shelving location Date acquired Full call number Barcode Date last seen Price effective from Koha item type
        Computer Languages MAJU MAJU Shelf No.A33 2019-08-03 6.133 8867 2021-03-03 2019-08-03 Computer Languages

Powered by Koha